Sustainable tourism/ (Record no. 364150)
[ view plain ]
| 000 -LEADER | |
|---|---|
| fixed length control field | 00379nam a2200133Ia 4500 |
| 008 - FIXED-LENGTH DATA ELEMENTS--GENERAL INFORMATION | |
| fixed length control field | 200909s9999 xx 000 0 und d |
| 020 ## - INTERNATIONAL STANDARD BOOK NUMBER | |
| International Standard Book Number | 978-621-04-0102-8 |
| 100 ## - MAIN ENTRY--PERSONAL NAME | |
| Personal name | Cruz, Reil G. |
| 245 ## - TITLE STATEMENT | |
| Statement of responsibility, etc | Reil G. Cruz |
| Title | Sustainable tourism/ |
| 260 ## - PUBLICATION, DISTRIBUTION, ETC. (IMPRINT) | |
| Place of publication, distribution, etc | Quezon City: |
| Name of publisher, distributor, etc | REX Bookstore |
| Date of publication, distribution, etc | 2019 |
| 300 ## - PHYSICAL DESCRIPTION | |
| Extent | x, 218 pages |
| Dimensions | 25 cm. |
| 650 ## - SUBJECT ADDED ENTRY--TOPICAL TERM | |
| Topical term or geographic name as entry element | Ecotourism |
| 650 ## - SUBJECT ADDED ENTRY--TOPICAL TERM | |
| Topical term or geographic name as entry element | Sustainable development |
| Withdrawn status | Lost status | Damaged status | Home library | Current library | Shelving location | Date acquired | Source of acquisition | Total Checkouts | Total Renewals | Full call number | Barcode | Date last seen | Date checked out | Price effective from | Koha item type |
|---|---|---|---|---|---|---|---|---|---|---|---|---|---|---|---|
| College Library | College Library | Filipiniana Section | 09/09/2020 | 4 | 5 | G 156.5.E26 .C957 2019 | C22329 | 05/09/2024 | 09/19/2023 | 09/09/2020 | Books |